Online Catalogue and eLibrary

Nawa yauwanaya : (Record no. 5857)

MARC details
000 -LEADER
fixed length control field 00415nam a2200157Ia 4500
005 - DATE AND TIME OF LATEST TRANSACTION
control field 20250509025504.0
008 - FIXED-LENGTH DATA ELEMENTS--GENERAL INFORMATION
fixed length control field 240331s9999 xx 000 0 und d
020 ## - INTERNATIONAL STANDARD BOOK NUMBER
ISBN 9555844518
082 ## - DDC Classification
Item Number - Author Mark ABE
Class No. 891
100 ## - MAIN ENTRY--PERSONAL NAME
Personal name Abeypala, Roland
245 #0 - TITLE STATEMENT
Title Nawa yauwanaya :
Remainder of title manoo vidyathmaka vigrahayak
260 ## - PUBLICATION, DISTRIBUTION, ETC.
Place of publication, distribution, etc. Kottawa
Name of publisher, distributor, etc. Sara Publications
Date of publication, distribution, etc. 2006
300 ## - PHYSICAL DESCRIPTION
Extent (e.g. Volumes, Pages etc.) 144 p .,
500 ## - GENERAL NOTE
General note Psychological Analysis
942 ## - Koha item type (Biblio)
Koha item type Books in Stacks (Lending)
Holdings
Lost status Damaged status Collection code Home library Current library Shelving location Date acquired Full call number Accession Number Item type
    Lending WERC Library WERC Library Social Science Cupboard 03/31/2024 153 ABE 6834 Books in Stacks (Lending)

© WERC Library